| 000 | 00484nam a2200181Ia 4500 | ||
|---|---|---|---|
| 001 | 14298 | ||
| 005 | 20260306164904.0 | ||
| 008 | 260306t2000||||xx |||||||||||||| ||spa|| | ||
| 041 | _aESP | ||
| 082 |
_a511.3 _bG81 2000 |
||
| 100 |
_aGrimaldi, Ralph P. _eAUT |
||
| 245 | 0 |
_aDiscrete and combinatorial mathematics: _ban applied introduction |
|
| 260 | _c2000 | ||
| 300 |
_axix, 791páginas :, A34, S84, I20 _c24 cm. |
||
| 650 | _aGEN | ||
| 654 | _aCMA | ||
| 942 |
_cLIB _dJUS _fJUS _2ddc _n |
||
| 999 |
_c14298 _d14298 |
||